000 00484nam a2200169Ia 4500
005 20250508151815.0
008 008 250505s9999 xx 000 0 eng d
037 _aBooks to be hide in OPAC
040 _aFEDL
_beng
_cFEDL
041 _aeng
_2eng
084 _a371.4, VIJ/O
_qFEDL
100 _aVijay Kumar
245 0 _aBuniyadi siksha (Bengali)
260 _aCalcutta, India
_bOrient Book Company
_c1955
942 _cHB
_h371.4, VIJ/O
999 _c1332239
_d1332239